LEADER 02480nam 2200613 450 001 9910461149103321 005 20200520144314.0 010 $a0-19-933050-6 010 $a0-19-020970-4 010 $a0-19-997020-3 035 $a(CKB)3710000000422827 035 $a(EBL)2068434 035 $a(SSID)ssj0001497393 035 $a(PQKBManifestationID)12629837 035 $a(PQKBTitleCode)TC0001497393 035 $a(PQKBWorkID)11494102 035 $a(PQKB)11449080 035 $a(MiAaPQ)EBC2068434 035 $a(StDuBDS)EDZ0001192917 035 $a(PPN)190702397 035 $a(Au-PeEL)EBL2068434 035 $a(CaPaEBR)ebr11064560 035 $a(CaONFJC)MIL798341 035 $a(OCoLC)912325168 035 $a(EXLCZ)993710000000422827 100 $a20150620h20152015 uy 0 101 0 $aeng 135 $aur|n|---||||| 181 $ctxt 182 $cc 183 $acr 200 00$aCerebral cortex $earchitecture, connections, and the dual origin concept /$fDeepak N. Pandya [and three others] 210 1$aNew York, New York :$cOxford University Press,$d2015. 210 4$dİ2015 215 $a1 online resource (481 p.) 300 $aDescription based upon print version of record. 311 $a0-19-538515-2 320 $aIncludes bibliographical references and index. 327 $a13 Olfactory, Gustatory, and Vestibular Systems and the Amygdala14 Concluding Comments; Bibliography; Index 330 $aCerebral Cortex is a comprehensive and detailed work covering the dual nature of the organization of the architecture and connections of the cerebral cortex. After establishing the evolutionary approach of the cerebral cortex's origin, the authors have systematically analyzed, in detail, the common principle underlying the structure and connections of sensory and motor systems. This important book describes the frontal, limbic, and multimodal association areas, as well as the long fiber pathways in a similar manner. The anatomical investigations have been complimented with current clinical and 606 $aCerebral cortex$xAnatomy 606 $aEvolution (Biology) 608 $aElectronic books. 615 0$aCerebral cortex$xAnatomy. 615 0$aEvolution (Biology) 676 $a612.8/25 702 $aPandya$b Deepak N. 801 0$bMiAaPQ 801 1$bMiAaPQ 801 2$bMiAaPQ 906 $aBOOK 912 $a9910461149103321 996 $aCerebral cortex$91930332 997 $aUNINA LEADER 01598nam 2200505Ia 450 001 9910711301103321 005 20180711121002.0 024 8 $aGOVPUB-C13-94ac51fdd2dfc54be67565785f7134dc 035 $a(CKB)5470000002481005 035 $a(OCoLC)959982912 035 $a(OCoLC)995470000002481005 035 $a(EXLCZ)995470000002481005 100 $a20161006d1954 ua 0 101 0 $aeng 181 $ctxt$2rdacontent 182 $cc$2rdamedia 183 $acr$2rdacarrier 200 10$aStatistical analysis of experimental parachute test data /$fD. Teichroew 210 1$aGaithersburg, MD :$cU.S. Dept. of Commerce, National Institute of Standards and Technology,$d1954. 215 $a1 online resource 225 1 $aNBS report ;$v3493 300 $a1954. 300 $aContributed record: Metadata reviewed, not verified. Some fields updated by batch processes. 300 $aTitle from PDF title page. 320 $aIncludes bibliographical references. 606 $aParachutes 606 $aStatistics 606 $aParachutes$2fast 606 $aStatistics$2fast 615 0$aParachutes. 615 0$aStatistics. 615 7$aParachutes. 615 7$aStatistics. 700 $aTeichroew$b D$01390292 701 $aTeichroew$b D$01390292 712 02$aUnited States.$bNational Bureau of Standards. 801 0$bNBS 801 1$bNBS 801 2$bOCLCO 801 2$bOCLCF 801 2$bOCLCQ 906 $aBOOK 912 $a9910711301103321 996 $aStatistical analysis of experimental parachute test data$93490221 997 $aUNINA